Hacia una pedagogía latinoamericana del lenguaje total
Salvato in:
| Autore principale: | |
|---|---|
| Natura: | Libro |
| Lingua: | spagnolo |
| Pubblicazione: |
Bogotá
Paulinas
1975
|
| Edizione: | 2a. ed |
| Serie: | Lenguaje Total, 2
|
| Soggetti: | |
| Tags: |
Aggiungi Tag
Nessun Tag, puoi essere il primo ad aggiungerne!!
|
MARC
| LEADER | 00000nam a2200000 a 4500 | ||
|---|---|---|---|
| 001 | UCU0951 | ||
| 003 | CL-VaPUC | ||
| 008 | 960329e19750000CK |||||||||||||||||spa|d | ||
| 082 | 0 | 4 | |a 371.39 |b PAD |2 21 |
| 100 | |a Padilla González, Ramón |e autor |9 356470 | ||
| 245 | 1 | 0 | |a Hacia una pedagogía latinoamericana del lenguaje total |
| 250 | |a 2a. ed | ||
| 300 | |a 142 p | ||
| 942 | |c BK | ||
| 945 | |d 19960329 00:00:00 |a lriquelm | ||
| 260 | |a Bogotá |b Paulinas |c 1975 | ||
| 650 | 0 | |a Métodos de enseñanza |9 270413 | |
| 650 | 0 | |a Innovaciones pedagógicas |9 307471 | |
| 650 | 0 | |a Psicología educacional |9 307830 | |
| 650 | 0 | |a Rol del docente |9 329733 | |
| 650 | 0 | |a Expresión |9 340759 | |
| 650 | 7 | |a DISCIPLINA |2 CL-VaPUC |9 308401 | |
| 651 | 0 | |a América Latina |9 255027 | |
| 583 | |a last modification |c 19960329 00:00:00 |k Rodrigo Vera | ||
| 490 | 0 | |a Lenguaje Total, 2 | |
| 999 | |c 245726 |d 245724 | ||
| 952 | |0 0 |1 0 |4 0 |6 371_390000000000000_PAD_1975 |7 0 |8 P |9 260315 |a BIBEDU |b BIBEDU |c BIBEDU_PB |d 2019-11-19 |i 1635476 |o 371.39 PAD 1975 |p 1635476 |r 2024-01-25 |w 2019-11-19 |y BK |k EDU | ||